Govt. of
Madhya Pradesh

Subconscious Phenomena (Record no. 38273)

MARC details
000 -LEADER
fixed length control field 004030000a22001690004500
003 - CONTROL NUMBER IDENTIFIER
control field MACL
005 - DATE AND TIME OF LATEST TRANSACTION
control field 20151229115857.0
008 - FIXED-LENGTH DATA ELEMENTS--GENERAL INFORMATION
fixed length control field 151229b xxu||||| |||| 00| 0 eng d
040 ## - CATALOGING SOURCE
Original cataloging agency MACL
Transcribing agency MACL
041 ## - LANGUAGE CODE
Language code of text/sound track or separate title English
082 ## - DEWEY DECIMAL CLASSIFICATION NUMBER
Classification number 126/MUN
100 ## - MAIN ENTRY--PERSONAL NAME
Personal name Munsterberg, Hugo
9 (RLIN) 23593
245 ## - TITLE STATEMENT
Title Subconscious Phenomena
260 ## - PUBLICATION, DISTRIBUTION, ETC. (IMPRINT)
Name of publisher, distributor, etc. Rebman Ltd
650 ## - SUBJECT ADDED ENTRY--TOPICAL TERM
Topical term or geographic name as entry element Philosophy
9 (RLIN) 23594
942 ## - ADDED ENTRY ELEMENTS (KOHA)
Koha item type Books
Call number prefix 126/MUN
Source of classification or shelving scheme
Holdings
Withdrawn status Lost status Source of classification or shelving scheme Damaged status Not for loan Home library Current library Date acquired Total Checkouts Full call number Barcode Date last seen Uniform Resource Identifier Price effective from Koha item type
          MACL MACL 15/04/2015   126/MUN CLE011905 29/04/2015 38495 15/04/2015 Books